Gares de Lyon - Statistiques

Statistiques générales
  • Ce quiz a été pris 1 123 fois
  • Le résultat moyen est 5 sur 6
Statistiques - réponses
Arrondissement Gare % Correct
3e Part Dieu
99%
2e Perrache
97%
9e Vaise
82%
7e Jean Macé
72%
9e Gorge de Loup
53%
5e Saint-Paul
52%
Aucun quiz correspondant
Distribution des résultats
% des personnes avec chaque résultat
Percentile par nombre de réponses
Votre historique - résultats
Vous n’avez pas pris ce quiz